000 00437nam a22001577a 4500
005 20251108164303.0
008 250721s1991 xx 000 0 ara d
082 1 4 _a219/يوس
100 1 _aالحمادي، يوسف
245 1 0 _aعظمة الرسول و الرسالة /
264 1 _aالقاهره :
_bمكتبة مصر،
_c1991.
300 _a309ص.
650 1 7 _aالسيرة النبوية
942 _2ddc
_cBK
999 _c8411
_d8411